Normal view
MARC view
- Khan,Muhammad ahmed Saeed,Sabih & Munir,Talha bin
Entry Personal Name
001 - CONTROL NUMBER
- control field: 4887
003 - CONTROL NUMBER IDENTIFIER
- control field: NUST
005 - DATE AND TIME OF LATEST TRANSACTION
- control field: 20170922133959.0
008 - FIXED-LENGTH DATA ELEMENTS
- fixed length control field: 170922|| aca||aabn | a|a d
040 ## - CATALOGING SOURCE
- Original cataloging agency: NUST
- Transcribing agency: NUST
100 ## - HEADING--PERSONAL NAME
- Personal name: Khan,Muhammad ahmed Saeed,Sabih & Munir,Talha bin
670 ## - SOURCE DATA FOUND
- Source citation: Work cat.: (NUST): Khan,Muhammad ahmed Saeed,Sabih & Munir,Talha bin, Estimation of credit Default for SME Financing in pakistan, 2017
